00314 a2200109 4500001001000000005001700010008004100027245003300068100003300101773005300134999001700187ART_3050320260410162003.0260409a 10aFundamentalismo y teologismo1 aSánchez Parodi, Horacio M.0 tForo políticog- Vol. XX (ago. 1997)wREV30389 c31475d31475